Visita a la región valenciana de sus Majestades los Reyes de España : (Record no. 85789)
[ view plain ]
| 000 -LEADER | |
|---|---|
| campo de control de longitud fija | 00816nam a2200217 i 4500 |
| 001 - NÚMERO DE CONTROL | |
| campo de control | 85789 |
| 003 - IDENTIFICADOR DE NÚMERO DE CONTROL | |
| campo de control | ES-MaACL |
| 005 - FECHA Y HORA DE LA ÚLTIMA TRANSACCIÓN | |
| campo de control | 20250822215217.0 |
| 007 - CAMPO FIJO DE DESCRIPCIÓN FÍSICA--INFORMACIÓN GENERAL | |
| campo de control de longitud fija | t| |
| 008 - DATOS DE LONGITUD FIJA--INFORMACIÓN GENERAL | |
| campo de control de longitud fija | 041201s1977 sp ||||1| spa d |
| 245 00 - MENCIÓN DEL TÍTULO | |
| Título | Visita a la región valenciana de sus Majestades los Reyes de España : |
| Resto del título | 30 de noviembre al 3 de diciembre de 1976. |
| 260 ## - PUBLICACIÓN, DISTRIBUCIÓN, ETC. | |
| Lugar de publicación, distribución, etc. | [Madrid : |
| Nombre del editor, distribuidor, etc. | Ediciones del Movimiento, |
| Fecha de publicación, distribución, etc. | 1977] |
| 300 ## - DESCRIPCIÓN FÍSICA | |
| Extensión | 64 p., [36] h. de lám. ; |
| Dimensiones | 23 cm. |
| 600 04 - PUNTO DE ACCESO ADICIONAL DE MATERIA--NOMBRE DE PERSONA | |
| Nombre de persona | Juan Carlos |
| Numeración | I, |
| Títulos y otros términos asociados al nombre | Rey de España- |
| Subdivisión general | Viajes |
| 9 (RLIN) | 171861 |
| 600 04 - PUNTO DE ACCESO ADICIONAL DE MATERIA--NOMBRE DE PERSONA | |
| Nombre de persona | Sofía, |
| Títulos y otros términos asociados al nombre | Reina consorte de Juan Carlos I, Rey de España- |
| Subdivisión general | Viajes |
| 9 (RLIN) | 171862 |
| 710 1# - ENTRADA AGREGADA--NOMBRE DE ENTIDAD CORPORATIVA | |
| Nombre de entidad corporativa o nombre de jurisdicción como elemento de entrada | España. |
| Unidad subordinada | Rey (1975-2014: Juan Carlos I) |
| 9 (RLIN) | 3961 |
| 710 2# - ENTRADA AGREGADA--NOMBRE DE ENTIDAD CORPORATIVA | |
| Nombre de entidad corporativa o nombre de jurisdicción como elemento de entrada | Ediciones del Movimiento. |
| 9 (RLIN) | 171800 |
| 852 ## - LOCALIZACIÓN | |
| Ubicación | ES-MaACL |
| Número de control de estantería | A-6490 |
| 852 ## - LOCALIZACIÓN | |
| Ubicación | ES-MaACL |
| Número de control de estantería | A-6282 |
| Estatus retirado | Estado de pérdida | Estado de daño | No para préstamo | Biblioteca de origen | Biblioteca actual | Ubicación en estantería | Fecha de adquisición | Fuente de adquisición | Total de préstamos | Signatura topográfica completa | Código de barras | Visto por última vez | Precio de reemplazo | Tipo de ítem Koha |
|---|---|---|---|---|---|---|---|---|---|---|---|---|---|---|
| Biblioteca del Ateneo de Madrid | Biblioteca del Ateneo de Madrid | Sala Pecera Planta 1 | 17/01/2008 | A-6282 | 1089650 | 23/02/2023 | 23/02/2023 | Libro impreso | ||||||
| Biblioteca del Ateneo de Madrid | Biblioteca del Ateneo de Madrid | Sala Pecera Planta 1 | 17/01/2008 | A-6490 | 1089649 | 23/02/2023 | 23/02/2023 | Libro impreso |
